000 00569nam a22001937a 4500
005 20241021152413.0
010 _aENG-142210
020 _c299.00
_a9788184001280
035 _aEN-125742
037 _bDBAD/PUB
082 _aN
100 _aWoodman, Besty
_973076
245 _aJana Bibi's Excellent Fortunes
_cBesty Woodman
250 _a1
260 _aUttar Pradesh
_bRandom House Publishers India Private Limited
_c2012
270 _bNoida
_aWindsor IT Park,7th Floor, Tower-B,A-1 Sector-125
_e201301
300 _a300p.
_c20cm(pb)
942 _2ddc
_cEN
_hN
_mWOO
999 _c206528
_d206528